000 00339nam a2200157Ia 4500
100 _aMc Fadden/Michael
650 _aGeneral
942 _cRB
654 _aBachelor Fatherhood
245 _aBachelor Fatherhood
260 _bWalker & Co.
_aNew York
_c1974
082 _a306.8
_bMcf
300 _a158
546 _aENGLISH
999 _c31278
_d31278